000 01974cam a2200469Ii 4500
999 _c328
_d328
001 960468206
003 OCoLC
005 20190806110605.0
008 161012t20162016enka e 001 0 eng
020 _a9780714871189 (hardback)
020 _a0714871184 (hardback)
035 _a(OCoLC)960468206
_z(OCoLC)949911181
040 _aAU@
_beng
_erda
_cAU@
_erda
_dOCLCO
_dCLE
_dORX
_dOCLCO
_dYDXCP
_dBTCTA
_dBDX
_dERASA
_dGK8
_dNYP
049 _aNYPP
082 0 4 _a576.802 CLA
_223
091 _a576.8
100 1 _aClark, Robert,
_d1961-
_ephotographer.
245 1 0 _aEvolution :
_ba visual record /
_cphotographs by Robert Clark ; foreword by David Quammen ; text by Joseph Wallace.
264 1 _aLondon ;
_aNew York :
_bPhaidon Press,
_c2016.
264 4 _c℗♭2016.
300 _a239 pages :
_bcolour illustrations ;
_c26 cm.
336 _atext
_btxt
_2rdacontent.
336 _astill image
_bsti
_2rdacontent.
337 _aunmediated
_bn
_2rdamedia.
338 _avolume
_bnc
_2rdacarrier.
500 _aIncludes index.
520 _aThrough 200 revelatory images, award-winning photographer Robert Clark makes one of the most important foundations of science clear and exciting to everyone. Evolution: A Visual Record transports readers from the near-mystical (human ancestors) to the historic (the famous 'finches' Darwin collected on the Gal©Łpagos Islands that spurred his theory); the recently understood (the link between dinosaurs and modern birds) to the simply astonishing.
600 1 0 _aDarwin, Charles,
_d1809-1882.
650 0 _aEvolution (Biology)
_xHistory.
650 0 _aEvolution (Biology)
_xPictorial works.
650 0 _aLife
_xOrigin.
650 0 _aNatural history
_vPictorial works.
700 1 _aWallace, Joseph E.,
_eauthor.
700 1 _aQuammen, David,
_d1948-
_ewriter of foreword.
901 _aMARS
901 _awch
_bCATBL
908 4 _aQH367
942 _2ddc
_cNFIC
945 _a.b211043710
946 _am